Morgan Wallen Songs by Meaning-One Thing At A Time - Statistics

General Stats
  • This quiz has been taken 31 times
  • The average score is 8 of 15
Answer Stats
Hint Answer % Correct
The narrator relating his relationship to a late ‘90s sports game. ‘98 Braves
91%
The narrator praising wild, untamable girls who “never settle down”. Cowgirls
74%
The narrator explaining how God made woman and man, but man made something else. Man Made a Bar
74%
The narrator asking a girl if he is still present in her mind while she’s with her new boyfriend. Thinkin’ Bout Me
70%
The narrator telling his mother that even though he has made some bad decisions, her prayers for him have worked. Thought You Should Know
70%
The narrator cannot get a girl out of his mind, and needs something very strong to do it. You Proof
61%
The narrator realizing that he is dying because of his smoking and drug addiction. Dying Man
57%
The aftermath of an alcohol-fueled breakup, but the narrator believes the girl will come back. Last Night
52%
The narrator saying that there is a fifty/fifty chance if a girl will stay or not. F150/50
48%
The narrator saying how he’s an expert at physical stuff, but is not good at reading the Bible and praying. I Wrote The Book
48%
The narrator telling how alcohol ran in his family and how it has been a part of his whole life. Born With A Beer In My Hand
39%
The narrator recognizing a girl’s want for something new and relating it to himself. Me To Me
26%
The narrator celebrating country pride and having a good time. Ain’t That Some
22%
The narrator sitting in a bar, wishing that his ex’s car will make a “U-Turn” and come back. Neon Star
17%
The narrator explaining how a girl was kind and good, but his actions pushed her away. Good Girl Gone Missin’
9%
No matching quizzes found
Score Distribution
Percent of People with Each Score
Percentile by Number Answered
Your Score History
You have not taken this quiz